000
00307nam a22001337a 4500
008
170322b xxu||||| |||| 00| 0 eng d
020
_a
9780195043570
041
_a
eng
080
_2
3ED
_a
616.8
100
_a
7
101
_a
SHM
245
_a
STRUCTURE OF THE HUMAN BRAIN
_c
DEARMOND .S.J
942
_2
udc
_c
BK
999
_c
8386
_d
8386